[Event "Africa-ch Blitz (Women)"]
[Site "Casablanca"]
[Date "2019.08.28"]
[Round "2.4"]
[White "Mayar ElIdrissi, Firdaous"]
[Black "Miladi, Amen"]
[Result "0-1"]
[WhiteElo "1888"]
[BlackElo "1651"]
[PlyCount "68"]
[EventDate "2019.08.28"]
[EventType "swiss (blitz)"]
[EventRounds "9"]
[EventCountry "MAR"]
[SourceTitle "EXT 2024"]
[Source "ChessBase"]
[SourceDate "2023.10.10"]
[SourceVersion "1"]
[SourceVersionDate "2023.10.10"]
[SourceQuality "1"]

1. e4 c5 2. Nc3 a6 3. a4 e6 4. f4 d5 5. exd5 exd5 6. Nf3 Nf6 7. d3 Be7 8. Be2 0-0 9. 0-0 Nc6 10. b3 Be6 11. Qe1 Rb8 12. Qg3 Bd6 13. Ne5 Qc7 14. Nxc6 bxc6 15. Qh4 Bf5 16. Bd2 h6 17. Rf3 Be7 18. Qg3 Bg4 19. Rf2 Bxe2 20. Rxe2 Rbe8 21. Rae1 Bd6 22. Qf3 Rxe2 23. Rxe2 Re8 24. Rxe8+ Nxe8 25. Qg4 Nf6 26. Qf3 Qe7 27. g3 a5 28. Ne2 Qe6 29. Bxa5 c4 30. dxc4 dxc4 31. Kf1 cxb3 32. cxb3 Bc5 33. Kg2 Qxb3 34. Kh3 Qxa4 0-1

[Event "Africa-chT rapid"]
[Site "Casablanca"]
[Date "2019.08.24"]
[Round "4.1"]
[White "Mayar ElIdrissi, Firdaous"]
[Black "Wafa, Shrook"]
[Result "0-1"]
[WhiteElo "1760"]
[BlackElo "2183"]
[PlyCount "166"]
[EventDate "2019.08.24"]
[EventType "team-swiss (rapid)"]
[EventRounds "9"]
[EventCountry "MAR"]
[SourceTitle "EXT 2020"]
[Source "ChessBase"]
[SourceDate "2019.10.17"]
[SourceVersion "1"]
[SourceVersionDate "2019.10.17"]
[SourceQuality "1"]
[WhiteTeam "Morocco"]
[BlackTeam "Egypt"]
[WhiteTeamCountry "MAR"]
[BlackTeamCountry "EGY"]

1. e4 c5 2. Nf3 d6 3. d3 g6 4. g3 Bg7 5. Bg2 Nc6 6. 0-0 Nf6 7. Nc3 0-0 8. h3 Rb8 9. a4 a6 10. Nh2 b5 11. axb5 axb5 12. b3 Nd4 13. Bd2 Qc7 14. Ra2 Be6 15. Ne2 Nxe2+ 16. Qxe2 c4 17. Ba5 Qc8 18. Ra3 cxb3 19. cxb3 Bxh3 20. b4 Bxg2 21. Kxg2 Qc6 22. Ra2 Rfc8 23. Nf3 Nd7 24. Rh1 h6 25. Qe3 Qc3 26. Rd2 Ne5 27. Ne1 Nc6 28. Rc2 Qd4 29. Qc1 Na7 30. Qd2 Rxc2 31. Nxc2 Qb2 32. Qd1 Rc8 33. Ne3 Nc6 34. Qb1 Qxb1 35. Rxb1 Nd4 36. Nd5 Kf8 37. Bb6 Rc2 38. Ra1 Be5 39. Ra8+ Kg7 40. Nxe7 Ne6 41. Be3 Bf6 42. Nd5 Rb2 43. Rb8 Bd4 44. Rxb5 Bxe3 45. Nxe3 Nd4 46. Rb6 Rb3 47. Nc4 Rxd3 48. Rxd6 Nc2 49. b5 Rb3 50. b6 Kf8 51. Rd7 Ke8 52. Ra7 Kd8 53. Rxf7 Nd4 54. b7 Nc6 55. e5 Ne7 56. Na5 Rb5 57. Nc6+ Nxc6 58. Rg7 Ne7 59. Rf7 Rxb7 60. f4 Kd7 61. g4 Ke8 62. Rh7 Rb4 63. Kf3 Nd5 64. f5 gxf5 65. gxf5 Rf4+ 66. Ke2 Rxf5 67. Rxh6 Rxe5+ 68. Kd2 Ke7 69. Kd3 Nf6 70. Kc3 Rf5 71. Rh1 Kd6 72. Kd4 Rf4+ 73. Ke3 Ke5 74. Ra1 Nd5+ 75. Kd3 Rd4+ 76. Ke2 Ke4 77. Ra3 Nf4+ 78. Kf2 Rd2+ 79. Ke1 Rb2 80. Kd1 Nd5 81. Kc1 Rg2 82. Kd1 Ne3+ 83. Kc1 Rg1+ 0-1

[Event "Olympiad Women-43"]
[Site "Batumi"]
[Date "2018.10.04"]
[Round "10.2"]
[White "Mayar ElIdrissi, Firdaous"]
[Black "Kojima, Natsumi"]
[Result "1/2-1/2"]
[WhiteElo "1797"]
[BlackElo "1655"]
[PlyCount "60"]
[EventDate "2018.09.24"]
[EventType "team-swiss"]
[EventRounds "11"]
[EventCountry "GEO"]
[SourceTitle "EXT 2020"]
[Source "ChessBase"]
[SourceDate "2019.10.17"]
[SourceVersion "1"]
[SourceVersionDate "2019.10.17"]
[SourceQuality "1"]
[WhiteTeam "Morocco (W)"]
[BlackTeam "Japan (W)"]
[WhiteTeamCountry "MAR"]
[BlackTeamCountry "JPN"]

1. e4 e5 2. Nf3 Nc6 3. d4 exd4 4. Nxd4 Bc5 5. Be3 Qf6 6. c3 Nge7 7. g3 h5 8. h4 d6 9. Bg2 Bd7 10. Bg5 Qg6 11. Nb3 Bb6 12. Na3 f6 13. Bf4 a6 14. Nc4 Ba7 15. Qe2 0-0-0 16. 0-0-0 Qf7 17. Be3 Be6 18. Ncd2 Bxe3 19. Qxe3 d5 20. Rhe1 Rhe8 21. Qc5 dxe4 22. Bxe4 Bd5 23. Bd3 Ne5 24. Bf1 N7c6 25. Qa3 Nc4 26. Nxc4 Bxc4 27. Bxc4 Qxc4 28. Rxd8+ Rxd8 29. Qc5 Ne5 30. Qxc4 Nxc4 1/2-1/2

[Event "Agadir zt 4.1 (Women)"]
[Site "Agadir"]
[Date "2016.05.28"]
[Round "6"]
[White "Mayar ElIdrissi, Firdaous"]
[Black "Miladi, Amen"]
[Result "1-0"]
[WhiteElo "1829"]
[BlackElo "1511"]
[PlyCount "109"]
[EventDate "2016.05.24"]
[EventType "swiss"]
[EventRounds "9"]
[EventCountry "MAR"]
[SourceTitle "CBM 172 Extra"]
[Source "ChessBase"]
[SourceDate "2016.06.21"]
[SourceVersion "1"]
[SourceVersionDate "2016.06.21"]
[SourceQuality "1"]

1. e4 c5 2. Nf3 e6 3. Be2 Nc6 4. c3 Qb6 5. 0-0 d6 6. Qc2 Nf6 7. d3 Be7 8. Nbd2 0-0 9. Nc4 Qc7 10. a4 d5 11. Ne3 b6 12. Bd2 Ba6 13. exd5 exd5 14. b4 Bb7 15. b5 Ne5 16. Nf5 Bd8 17. Rfe1 Nfg4 18. Ng3 Nxf3+ 19. Bxf3 Ne5 20. Bh5 Bf6 21. Kh1 Qd7 22. Bf4 Ng6 23. Bxg6 fxg6 24. Be5 Bxe5 25. Rxe5 d4 26. c4 Qc7 27. Rae1 Rf7 28. Re8+ Rxe8 29. Rxe8+ Rf8 30. Qe2 Qf7 31. Rxf8+ Qxf8 32. Kg1 h5 33. Qe6+ Qf7 34. Qxf7+ Kxf7 35. f3 Ke6 36. Kf2 Ke5 37. Ne4 Ba8 38. Kg3 Bb7 39. Ng5 Bc8 40. Ne4 Be6 41. Kf2 Bd7 42. g3 Kf5 43. Nd2 g5 44. Nb3 g4 45. a5 gxf3 46. Kxf3 g5 47. a6 Ke5 48. Nd2 Bf5 49. Ke2 Bg4+ 50. Kf2 h4 51. Nf3+ Kf5 52. Nxd4+ cxd4 53. c5 Ke5 54. cxb6 Be6 55. b7 1-0

[Event "Agadir zt 4.1 (Women)"]
[Site "Agadir"]
[Date "2016.05.25"]
[Round "2"]
[White "Mayar ElIdrissi, Firdaous"]
[Black "Bahji, Hind"]
[Result "0-1"]
[WhiteElo "1829"]
[BlackElo "2069"]
[PlyCount "88"]
[EventDate "2016.05.24"]
[EventType "swiss"]
[EventRounds "9"]
[EventCountry "MAR"]
[SourceTitle "CBM 172 Extra"]
[Source "ChessBase"]
[SourceDate "2016.06.21"]
[SourceVersion "1"]
[SourceVersionDate "2016.06.21"]
[SourceQuality "1"]

1. e4 c5 2. Nf3 Nc6 3. d4 cxd4 4. Nxd4 Nf6 5. Nc3 d6 6. Be2 e6 7. Be3 Be7 8. Qd2 0-0 9. 0-0 a6 10. f4 Qc7 11. Bf3 Bd7 12. Qf2 Rac8 13. a4 Nb4 14. g4 d5 15. e5 Ne8 16. g5 f6 17. gxf6 gxf6 18. Kh1 Kh8 19. Qh4 Bc5 20. Qh6 fxe5 21. Rg1 Rf6 22. Qg5 Rg6 23. Qxe5+ Qxe5 24. fxe5 Bxd4 25. Bxd4 Nxc2 26. Bb6 Nxa1 27. Rxa1 Rc4 28. a5 Rb4 29. Rb1 Ng7 30. Bc5 Rc4 31. Be3 Nf5 32. Bb6 Rf4 33. Bh5 Rh6 34. Be2 Ng3+ 35. Kg2 Nxe2 36. Nxe2 Rg6+ 37. Ng3 Bc6 38. Kh3 Rf3 39. b4 Kg8 40. Rc1 Kf7 41. Kg2 Rf4 42. Bc5 Rgg4 43. h3 d4+ 44. Kh2 Rf2+ 0-1